Les vainqueurs de grand prix en F1 en 2021 - Statistiques

Statistiques générales
  • Ce quiz a été pris 1 161 fois
  • Le résultat moyen est 18 sur 22
Statistiques - réponses
course Vainqueurs % Correct
GP de Bahreïn Lewis Hamilton
98%
GP d'Emilie-Romagne Max Verstappen
97%
GP du Portugal Lewis Hamilton
94%
GP de Monaco Max Verstappen
94%
GP d'Espagne Lewis Hamilton
93%
GP de France Max Verstappen
90%
GP de Grande-Bretagne Lewis Hamilton
89%
GP d'Autriche Max Verstappen
88%
GP de Styrie Max Verstappen
87%
GP de Belgique Max Verstappen
86%
GP des Pays-Bas Max Verstappen
86%
GP d'Azerbaïdjan Sergio Perez
84%
GP d'Hongrie Esteban Ocon
79%
GP de Russie Lewis Hamilton
79%
GP du Bresil Lewis Hamilton
73%
GP des Etats-Unis Max Verstappen
73%
GP du Mexique Max Verstappen
72%
du Qatar Lewis Hamilton
70%
GP d'Arabie saoudite Lewis Hamilton
70%
GP des Emirats Arabes Unis Max Verstappen
70%
GP d'Italie Danniel Ricciardo
68%
GP de Turquie Valteri Bottas
61%
Aucun quiz correspondant
Distribution des résultats
% des personnes avec chaque résultat
Percentile par nombre de réponses
Votre historique - résultats
Vous n’avez pas pris ce quiz